00580nam a2200169 a 450000100100000000500170001000800410002724501280006826000460019630000270024270000180026970000180028770000240030570000310032971000370036004000130039700004379820201002044955.0140501s2011 ag a 000 0 spa d00aBorges lector. :bexposición /ccuraduría Mercedes Dip, Laura Rosato, Germán Álvarez; prólogo Horacio González. aArgentina, :bBiblioteca Nacional,c2011. a59 p. :bil. ;c22 cm.12aDip, Mercedes12aRosato, Laura12aÁlvarez, Germán12aGonzález, Horacioeprol.12aBiblioteca Nacional de Argentina aDO-SdBNP